| 000 | 00829cam a2200229 4500 | ||
|---|---|---|---|
| 008 | 000000n2002 000 0 eng u | ||
| 020 | _a0728203928 | ||
| 035 | _a(Sirsi) u120988 | ||
| 050 |
_a333.332 _c18 |
||
| 100 | _aJenkins, David | ||
| 245 | _aResidential valuation theory and practice | ||
| 260 |
_aLondon _bEstates Gazette _c2002 |
||
| 300 |
_axv,107p. _c21cm. |
||
| 350 | _a25 | ||
| 520 | _aAn Estates Gazette reprint of this book, originally published by Chandos in 2000 (ISBN 1902375505), a comprehensive guide to residential valuations, covering both traditional and modern methods and techniques. | ||
| 650 | _aVALUATIONS | ||
| 650 |
_aRESIDENTIAL PROPERTY _96266 |
||
| 650 | _aMORTGAGE VALUATIONS | ||
| 650 | _aPUBLIC SECTOR HOUSING | ||
| 690 | _aPROPERTY-PROPERTY APPRAISAL AND VALUATION | ||
| 942 | _n0 | ||
| 999 |
_c102594 _d102594 |
||